000 00929cam a22002055a 4500
001 L159324
008 160811s2016 xxk f 000 0 eng d
020 _a9789811006517
035 _a(Sirsi) u159324
041 0 _aeng
100 1 _aDelgado, Joao
245 0 0 _aSustainable Construction
_h[electronic resource]
260 _aLondon
_bSpringer Verlag
_c2016
520 _aCollection of recent works that highlights best practice solutions, case studies and practical advice on the implementation of sustainable construction techniques. Includes a set of new developments in the field of building performance simulation, building sustainability assessment, sustainable managment and asset and maintenance management.
590 _aKA
651 4 _aENGLAND AND WALES
690 _aSustainability
_96271
856 4 0 _uhttps://www.vlebooks.com/
_zView on VLEbooks. Logins for members only from [email protected]
942 _n0
999 _c115806
_d115806